| 000 | 00798nam a22002297a 4500 | ||
|---|---|---|---|
| 999 |
_c7830 _d7830 |
||
| 003 | AR-CdUCM | ||
| 008 | 190321b ||||| |||| 00| 0 spa d | ||
| 040 |
_aMUNICIPALIDAD PROVINCIAL DEL CUSCO _cBIBLIOTECA MUNICIPAL DEL CUSCO |
||
| 082 |
_a631.523 / _bAL49 |
||
| 100 |
_aAlvarez Moscoso, M. Esther _922140 |
||
| 245 | _aRecursos Fitogenéticos de la región Cusco / | ||
| 260 |
_aCusco : _bCETPRO El porvenir, _c2010. |
||
| 300 |
_a142 paginas ; _bIlustraciones, graficos, dibujos, retratos, _c20 cm. |
||
| 505 | _aContenido: Maiz -- occa -- papa -- frutales -- especies nativas... | ||
| 650 |
_aProductos Agricolas _922141 |
||
| 650 |
_aRegion Cuzco _922142 |
||
| 650 |
_aPerú _935 |
||
| 650 |
_aRecursos _939 |
||
| 650 |
_aPlantas cultivadas _922143 |
||
| 942 |
_2ddc _cLIBROS |
||
| 945 | _apjha | ||